| 000 | 00795cas a22002175 4500 | ||
|---|---|---|---|
| 001 | L139772 | ||
| 008 | 070807d19461959xxkqr p 0 a0eng u | ||
| 035 | _a(Sirsi) u139772 | ||
| 041 | 0 | _aeng | |
| 110 | 2 |
_aRoyal Institution of Chartered Surveyors _94900 |
|
| 245 | 0 | 4 |
_aThe Journal of the Royal Institution of Chartered Surveyors _bScottish Supplement |
| 260 |
_aLondon _cRICS _c1946-1959 |
||
| 362 | 0 | _aLondon: 9(1) January 1946-22(4) October 1959 | |
| 362 | 0 | _aEdinburgh: 9(1) January 1946-28(2) April 1965 | |
| 554 | _aFour per year | ||
| 651 | 4 |
_aScotland _y1999- |
|
| 690 | _aMANAGEMENT-BUSINESS MANAGEMENT-PROFESSIONAL PRACTICE | ||
| 780 | 0 | 0 |
_tJournal of the Chartered Surveyors' Institution _bScottish Supplement |
| 785 | 0 | 0 |
_tChartered Surveyor _bScottish Supplement |
| 942 | _n0 | ||
| 999 |
_c119123 _d119123 |
||